000 01262nam a2200325Ia 4500
001 ebr10281199
003 CaPaEBR
006 m u
007 cr cn|||||||||
008 061123s2007 enk sb 001 0 eng d
020 _z9781861349286 (hbk.)
020 _z1861349289 (hbk.)
020 _z1861349270 (pbk.)
020 _z9781861349279 (pbk.)
040 _aCaPaEBR
_cCaPaEBR
035 _a(OCoLC)250329995
050 1 4 _aJF1525.T67
_bT73 2007eb
100 1 _aTravers, Max.
245 1 4 _aThe new bureaucracy
_h[electronic resource] :
_bquality assurance and its critics /
_cMax Travers.
260 _aBristol, UK :
_bPolicy Press,
_c2007.
300 _avi, 202 p.
504 _aIncludes bibliographical references and index.
533 _aElectronic reproduction.
_bPalo Alto, Calif. :
_cebrary,
_d2009.
_nAvailable via World Wide Web.
_nAccess may be limited to ebrary affiliated libraries.
650 0 _aTotal quality management in government.
650 0 _aPublic administration
_xQuality control.
650 0 _aOrganizational change.
655 7 _aElectronic books.
_2local
710 2 _aebrary, Inc.
856 4 0 _uhttp://site.ebrary.com/lib/rucke/Doc?id=10281199
_zAn electronic book accessible through the World Wide Web; click to view
999 _c3472
_d3472